In the heart of Bantuland; (Record no. 88645)
[ view plain ]
| 000 -LEADER | |
|---|---|
| fixed length control field | 01173cam a22002771 4500 |
| 001 - CONTROL NUMBER | |
| control field | 5917160 |
| 003 - CONTROL NUMBER IDENTIFIER | |
| control field | ARRUPE |
| 005 - DATE AND TIME OF LATEST TRANSACTION | |
| control field | 20170529093204.0 |
| 008 - FIXED-LENGTH DATA ELEMENTS--GENERAL INFORMATION | |
| fixed length control field | 750801s1922 paubf 000 0 eng |
| 010 ## - LIBRARY OF CONGRESS CONTROL NUMBER | |
| LC control number | 22026398 |
| 035 ## - SYSTEM CONTROL NUMBER | |
| System control number | (OCoLC)1497646 |
| 040 ## - CATALOGING SOURCE | |
| Original cataloging agency | DLC |
| Transcribing agency | FJ |
| Modifying agency | OCoLC |
| -- | DLC |
| 042 ## - AUTHENTICATION CODE | |
| Authentication code | premarc |
| 050 00 - LIBRARY OF CONGRESS CALL NUMBER | |
| Classification number | DT16.B2 |
| Item number | C3 1922 |
| 300 ## - PHYSICAL DESCRIPTION | |
| Other physical details | front., plates, fold. map. |
| Dimensions | 22 cm. |
| 100 1# - MAIN ENTRY--PERSONAL NAME | |
| Personal name | Campbell, Dugald, |
| Dates associated with a name | 1871- |
| 9 (RLIN) | 31170 |
| 245 10 - TITLE STATEMENT | |
| Title | In the heart of Bantuland; |
| Remainder of title | a record of twenty-nine years' pioneering in Central Africa among the Bantu peoples, with a description of their habits, customs, secret societies & languages, |
| Statement of responsibility, etc | by Dugald Campbell ... |
| 260 ## - PUBLICATION, DISTRIBUTION, ETC. (IMPRINT) | |
| Place of publication, distribution, etc | Philadelphia, |
| Name of publisher, distributor, etc | J.B. Lippincott Company; |
| Place of publication, distribution, etc | London, |
| Name of publisher, distributor, etc | Seeley, Service & Co., ltd., |
| Date of publication, distribution, etc | 1922. |
| 300 ## - PHYSICAL DESCRIPTION | |
| Extent | 1 p. l., 11-313 p. |
| 500 ## - GENERAL NOTE | |
| General note | Printed in Great Britain. |
| 530 ## - ADDITIONAL PHYSICAL FORM AVAILABLE NOTE | |
| Additional physical form available note | Also available in digital form on the Internet Archive Web site. |
| 650 #0 - SUBJECT ADDED ENTRY--TOPICAL TERM | |
| Topical term or geographic name as entry element | Bantu-speaking peoples. |
| 9 (RLIN) | 31171 |
| 856 41 - ELECTRONIC LOCATION AND ACCESS | |
| Uniform Resource Identifier | <a href="http://hdl.loc.gov/loc.gdc/scd0001.00299799876">http://hdl.loc.gov/loc.gdc/scd0001.00299799876</a> |
| 906 ## - LOCAL DATA ELEMENT F, LDF (RLIN) | |
| a | 7 |
| b | cbc |
| c | oclcrpl |
| d | u |
| e | ncip |
| f | 19 |
| g | y-gencatlg |
| 942 ## - ADDED ENTRY ELEMENTS (KOHA) | |
| Source of classification or shelving scheme | Library of Congress Classification |
| Koha item type | Monograph ( Printed materials) |
| Withdrawn status | Lost status | Source of classification or shelving scheme | Damaged status | Not for loan | Collection code | Home library | Current library | Shelving location | Date acquired | Total Checkouts | Full call number | Barcode | Date last seen | Date checked out | Copy number | Price effective from | Koha item type |
|---|---|---|---|---|---|---|---|---|---|---|---|---|---|---|---|---|---|
| Library of Congress Classification | Main Collection | ARRUPE LIBRARY | ARRUPE LIBRARY | 07/03/2013 | 1 | DT16.B2C3 1922 | 46003031054 | 07/12/2017 | 18/08/2015 | 1 | 07/03/2013 | Monograph ( Printed materials) |